000 00554nam a2200181Ia 4500
003 IN-BaIIA
008 211028s9999 xx 000 0 eng d
040 _cIIA Library
080 _a53(03)
_bENC-XXV
245 0 _aEncyclopedia of physics
_bvol. XXV/2C, light and matter ic
_cedited by Flugge S.
260 _aBerlin
_bSpringer-Verlag
_c1970
300 _axix, 320p.
650 _aEncyclopedia-Physics
_93090
650 _aNASA Thesaurus
650 _aPhysics
_973
700 _aFlugge, S.,ed.,
_93091
942 _cBK
999 _c3565
_d3565